<?xml version="1.0" encoding="UTF-8"?>
<record
    xmlns:xsi="http://www.w3.org/2001/XMLSchema-instance"
    xsi:schemaLocation="http://www.loc.gov/MARC21/slim http://www.loc.gov/standards/marcxml/schema/MARC21slim.xsd"
    xmlns="http://www.loc.gov/MARC21/slim">

  <leader>00322nam a22001457a 4500</leader>
  <controlfield tag="003">SGT</controlfield>
  <datafield tag="082" ind1=" " ind2=" ">
    <subfield code="a">615</subfield>
    <subfield code="b">P17S</subfield>
  </datafield>
  <datafield tag="100" ind1=" " ind2=" ">
    <subfield code="a">SHANBHAG, TARA V. </subfield>
  </datafield>
  <datafield tag="245" ind1=" " ind2=" ">
    <subfield code="a">PHARMACOLOGY OF MEDICAL STUDENTS </subfield>
  </datafield>
  <datafield tag="250" ind1=" " ind2=" ">
    <subfield code="a">3RD </subfield>
  </datafield>
  <datafield tag="260" ind1=" " ind2=" ">
    <subfield code="a">INDIA </subfield>
    <subfield code="b">ELSEVIER </subfield>
    <subfield code="c">2014</subfield>
  </datafield>
  <datafield tag="300" ind1=" " ind2=" ">
    <subfield code="a">557</subfield>
  </datafield>
  <datafield tag="650" ind1=" " ind2=" ">
    <subfield code="a">PHARMACOLOGY </subfield>
  </datafield>
  <datafield tag="942" ind1=" " ind2=" ">
    <subfield code="2">ddc</subfield>
    <subfield code="c">BK</subfield>
    <subfield code="0">205</subfield>
  </datafield>
  <datafield tag="952" ind1=" " ind2=" ">
    <subfield code="0">0</subfield>
    <subfield code="1">3</subfield>
    <subfield code="2">ddc</subfield>
    <subfield code="4">0</subfield>
    <subfield code="7">0</subfield>
    <subfield code="8">MEDICAL</subfield>
    <subfield code="a">FM</subfield>
    <subfield code="b">FM</subfield>
    <subfield code="c">TXT</subfield>
    <subfield code="d">2017-10-06</subfield>
    <subfield code="e">ABC </subfield>
    <subfield code="g">775.00</subfield>
    <subfield code="i">SGTU</subfield>
    <subfield code="l">1</subfield>
    <subfield code="o">615 P17S</subfield>
    <subfield code="p">FM8755</subfield>
    <subfield code="r">2018-10-26 00:00:00</subfield>
    <subfield code="s">2017-10-25</subfield>
    <subfield code="w">2017-06-26</subfield>
    <subfield code="y">BK</subfield>
    <subfield code="k">8371</subfield>
  </datafield>
  <datafield tag="952" ind1=" " ind2=" ">
    <subfield code="0">0</subfield>
    <subfield code="1">0</subfield>
    <subfield code="2">ddc</subfield>
    <subfield code="4">0</subfield>
    <subfield code="7">0</subfield>
    <subfield code="8">MEDICAL</subfield>
    <subfield code="a">FM</subfield>
    <subfield code="b">FM</subfield>
    <subfield code="c">TXT</subfield>
    <subfield code="d">2017-10-06</subfield>
    <subfield code="e">ABC </subfield>
    <subfield code="g">775.00</subfield>
    <subfield code="i">SGTU</subfield>
    <subfield code="l">113</subfield>
    <subfield code="m">2</subfield>
    <subfield code="o">615 P17S</subfield>
    <subfield code="p">FM8756</subfield>
    <subfield code="r">2025-12-03 00:00:00</subfield>
    <subfield code="s">2025-11-24</subfield>
    <subfield code="w">2017-06-26</subfield>
    <subfield code="y">BK</subfield>
    <subfield code="k">8371</subfield>
  </datafield>
  <datafield tag="952" ind1=" " ind2=" ">
    <subfield code="0">0</subfield>
    <subfield code="1">0</subfield>
    <subfield code="2">ddc</subfield>
    <subfield code="4">0</subfield>
    <subfield code="7">0</subfield>
    <subfield code="8">MEDICAL</subfield>
    <subfield code="a">FM</subfield>
    <subfield code="b">FM</subfield>
    <subfield code="c">TXT</subfield>
    <subfield code="d">2017-10-06</subfield>
    <subfield code="e">ABC </subfield>
    <subfield code="g">775.00</subfield>
    <subfield code="i">SGTU</subfield>
    <subfield code="l">107</subfield>
    <subfield code="m">2</subfield>
    <subfield code="o">615 P17S</subfield>
    <subfield code="p">FM8757</subfield>
    <subfield code="r">2026-04-27 00:00:00</subfield>
    <subfield code="s">2026-04-13</subfield>
    <subfield code="w">2017-06-26</subfield>
    <subfield code="y">BK</subfield>
    <subfield code="k">8371</subfield>
  </datafield>
  <datafield tag="952" ind1=" " ind2=" ">
    <subfield code="0">0</subfield>
    <subfield code="1">0</subfield>
    <subfield code="2">ddc</subfield>
    <subfield code="4">0</subfield>
    <subfield code="7">0</subfield>
    <subfield code="8">MEDICAL</subfield>
    <subfield code="a">FM</subfield>
    <subfield code="b">FM</subfield>
    <subfield code="c">TXT</subfield>
    <subfield code="d">2017-10-06</subfield>
    <subfield code="e">ABC </subfield>
    <subfield code="g">775.00</subfield>
    <subfield code="i">SGTU</subfield>
    <subfield code="l">112</subfield>
    <subfield code="o">615 P17S</subfield>
    <subfield code="p">FM8758</subfield>
    <subfield code="r">2025-06-12 00:00:00</subfield>
    <subfield code="s">2025-06-03</subfield>
    <subfield code="w">2017-06-26</subfield>
    <subfield code="y">BK</subfield>
    <subfield code="k">8371</subfield>
  </datafield>
  <datafield tag="952" ind1=" " ind2=" ">
    <subfield code="0">0</subfield>
    <subfield code="1">0</subfield>
    <subfield code="2">ddc</subfield>
    <subfield code="4">0</subfield>
    <subfield code="7">0</subfield>
    <subfield code="8">MEDICAL</subfield>
    <subfield code="a">FM</subfield>
    <subfield code="b">FM</subfield>
    <subfield code="c">TXT</subfield>
    <subfield code="d">2017-10-06</subfield>
    <subfield code="e">ABC </subfield>
    <subfield code="g">775.00</subfield>
    <subfield code="i">SGTU</subfield>
    <subfield code="l">104</subfield>
    <subfield code="m">2</subfield>
    <subfield code="o">615 P17S</subfield>
    <subfield code="p">FM8759</subfield>
    <subfield code="r">2026-05-18 00:00:00</subfield>
    <subfield code="s">2026-05-04</subfield>
    <subfield code="w">2017-06-26</subfield>
    <subfield code="y">BK</subfield>
    <subfield code="k">8371</subfield>
  </datafield>
  <datafield tag="999" ind1=" " ind2=" ">
    <subfield code="c">13664</subfield>
    <subfield code="d">13664</subfield>
  </datafield>
</record>
